| 000 | 00345nam a2200133Ia 4500 | ||
|---|---|---|---|
| 008 | 240624s9999 xx 000 0 und d | ||
| 041 | _aeng | ||
| 082 | _a338.04 MAN | ||
| 100 | _aMANTOVANI GUIDO M | ||
| 245 | _aFINANCIAL VALUE OF ENTREPRENEURSHIP USIN | ||
| 260 |
_c2017 _aNew York _bPalgrave Macmillan |
||
| 300 | _a158 p. | ||
| 365 |
_cERU _b33 |
||
| 999 |
_c32646 _d32646 |
||